| 000 | 02166cam a2200337 4500500 | ||
|---|---|---|---|
| 005 | 20251228052025.0 | ||
| 041 | _afre | ||
| 042 | _adc | ||
| 100 | 1 | 0 |
_aReaidy, Jean _eauthor |
| 245 | 0 | 0 | _aPour une philosophie de la terre-de-la-vie |
| 260 | _c2021. | ||
| 500 | _a38 | ||
| 520 | _aComprise au sein d’une phénoménologie radicale de la vie, notre Terre révèle la vie dans sa donation primordiale. Considérée comme un non-objet pour la conscience subjective constituante, elle manifeste un excès de la vie sur la représentation. Dans le but de lutter contre les pratiques multiformes que les États appliquent à l’échelle mondiale et qui contribuent directement au déracinement progressif de l’homme de son sol pré-originaire, nous sommes appelés à agir individuellement et communautairement pour reconvertir notre rapport à la Terre en le refondant précisément dans la source de la relation, dans la vie. | ||
| 520 | _aUnderstood within a radical phenomenology of life, our Earth reveals life in its primordial givenness. Considered as a non-object for the constituent subjective consciousness, it manifests an excess of life over representation. For the sake of opposing multifaceted practices applied by States globally that directly contribute to the progressive uprooting of man from his primordial soil, we are called upon to act both individually and communally to restore our relationship to the Earth precisely in refounding it in its source, in life. | ||
| 690 | _acommunion originaire | ||
| 690 | _acorps vivant | ||
| 690 | _aHannah Arendt | ||
| 690 | _aMichel Henry | ||
| 690 | _aphénoménologie de la vie | ||
| 690 | _apraxis | ||
| 690 | _aterre | ||
| 690 | _aEarth | ||
| 690 | _aHannah Arendt | ||
| 690 | _aliving body | ||
| 690 | _aMichel Henry | ||
| 690 | _aoriginary communion | ||
| 690 | _aphenomenology of life | ||
| 690 | _apractice | ||
| 786 | 0 | _nRevue des sciences philosophiques et théologiques | Tome 104 | 4 | 2021-11-23 | p. 731-740 | 0035-2209 | |
| 856 | 4 | 1 | _uhttps://shs.cairn.info/revue-des-sciences-philosophiques-et-theologiques-2020-4-page-731?lang=fr&redirect-ssocas=7080 |
| 999 |
_c1582670 _d1582670 |
||